| 000 | 00600nam a2200217Ia 4500 | ||
|---|---|---|---|
| 001 | 1725 | ||
| 003 | GE_BSU | ||
| 008 | 181216s||||||||xx |||||||||||||| ||und|| | ||
| 020 | _a9789994027101 | ||
| 040 | _cGE_BSU | ||
| 080 | _a821.353.1–91+394 | ||
| 100 | _aკიკნაძე, ზურაბ | ||
| 245 | _aქართული მითოლოგია. წ. 6. | ||
| 260 | _aთბილისი | ||
| 260 | _bბაკმი | ||
| 260 | _c2007 | ||
| 300 | _a268 გვ. 21სმ. | ||
| 541 | _h15ლ. | ||
| 653 | _aქართული მითოლოგია | ||
| 942 | _cBK | ||
| 999 |
_c35834 _d35834 |
||